| 000 | 01032nam a2200277 a 4500 | ||
|---|---|---|---|
| 005 | 20200104041607.0 | ||
| 008 | 150122b2007 ck |||||r|||| 00| 0 spa d | ||
| 020 | _a9789584420558 | ||
| 040 |
_aCO-BoIAVH _cCO-BoIAVH |
||
| 041 | _aspa | ||
| 082 | 0 | 4 |
_a595.789 _bC19s |
| 090 |
_aFG- _b05239 |
||
| 100 | 1 |
_aAndrade-C., M. Gonzalo _95380 |
|
| 110 |
_aUniversidad Nacional de Colombia _965 |
||
| 245 | 1 | 0 |
_aSanta María mariposas alas y color : _bMiniguias de Campo del Instituto de Ciencias Naturales N°4 |
| 260 |
_aBogotá: _bInstituto de Ciencias Naturales, Universidad Nacional de Colombia, _c2007. |
||
| 300 |
_afolleto _bIlustracion a color _c22 x 10 cm |
||
| 504 | _aIncluye bibliografía (pag 248) e índice de nombres científicos | ||
| 650 | 4 |
_aMariposas _vcatálogos _982449 |
|
| 650 | 4 |
_aMariposas _vguías _xclasificación _982450 |
|
| 700 | 1 |
_aCampos Salazar, Lina Rocío _931918 |
|
| 700 | 1 |
_aGonzález Montaña, Luis A. _931919 |
|
| 700 | 1 |
_aPulido B., Hannier W. _9860 |
|
| 942 |
_cFolleto _2z |
||
| 945 | _d2008-03-26 | ||
| 999 |
_c6235 _d6235 |
||